01533cam a22004454i 4500003000900000005001700009008004100026020001500067020001800082035002000100040003300120082002400153100003000177245017400207250002300381264005600404300004300460336002100503337002500524338002300549490005100572504003800623505017400661526001000835526001000845526001000855526001000865526000800875526000800883526000800891526000800899526000800907526000800915526000800923630003900931650002600970650002900996700003001025700003201055PE-LiUPU20250731173117.0190716s2013 bo rb 000 0 spa d a9995482541 a9789995482541 a(Sirsi) a252315 aPE-LiUPUbspacPE-LiUPUerda04a286.73205bSEAT2201 aChoque, Efraín,eautor.10aPaciencia :bvirtud de la esperanza cristiana. Un análisis temático y exegético de Santiago 5:7-11 /cEfraín Choque ; editores Teófilo Correa y Raúl Quiroga. aPrimera edición. 1aBolivia :Universidad Adventista de Bolivia,c2013. aix, 100 páginas :c21 centímetros. atext2rdacontent aunmediated2rdamedia avolume2rdacarrier1 aSerie de estudios avanzados en teología ;v3 aBibliografía: páginas 97-100.0 aIntroducción -- Entorno de la epístola de Santiago -- Análisis literario de "paciencia" -- Exégesis de Santiago 5:7-11 -- Significado teológico de "paciencia". aSEG42 aSEG41 aSEG40 aSEG39 aP94 aP87 aP86 aP85 aP77 aP76 aP35 aBiblia.pN.TpSantiagoxpaciencia.04aPacienciaxFidelidad.04aPruebasxVida cristiana.1 aQuiroga, Raúl,eeditor.1 aCorrea, Teófilo,eeditor.